Visitors' Center Forum examines key issues in international trade.

Hlavné tézy z referátov špičkových obchodných predstaviteľov USA a Austrálie prednesených v rámci panelovej diskusie "Medzinárodný obchod na križovatke: rôzne perspektívy", na fóre MMF 27. októbra vo Washingtone. Politika vlád v zmenenom modeli medzinárodných obchodných vzťahov po 2. svetovej vojne....

Ausführliche Beschreibung

Gespeichert in:
Bibliographische Detailangaben
1. Verfasser: Rosen, G.R
Format: Buchkapitel
Sprache:Englisch
Schlagworte:
Tags: Tag hinzufügen
Keine Tags, Fügen Sie das erste Tag hinzu!

MARC

LEADER 00000naa a2200000 4500
001 r012643
005 20220913122429.5
041 0 |a eng 
044 |a US 
245 1 0 |a Visitors' Center Forum examines key issues in international trade.  |c G.R. Rosen 
520 |a Hlavné tézy z referátov špičkových obchodných predstaviteľov USA a Austrálie prednesených v rámci panelovej diskusie "Medzinárodný obchod na križovatke: rôzne perspektívy", na fóre MMF 27. októbra vo Washingtone. Politika vlád v zmenenom modeli medzinárodných obchodných vzťahov po 2. svetovej vojne. Regionálne obchodné dohovory a zmeny v obchodných komoditách. Potreba mechanizmov medzinárodnej obchodnej spolupráce. 
610 2 0 |a obchod medzinárodný 
610 2 0 |a spolupráca hospodárska medzinárodná 
610 2 0 |a Medzinárodný menový fond 
610 2 0 |a komodity 
610 2 0 |a prednášky 
610 2 0 |a diskusia 
610 2 0 |a Washington 
610 2 0 |a 1992 
100 1 |a Rosen, G.R.